01392nam a2200277 a 4500001001000000003001000010005001700020008004100037020001500078040002500093082001900118245006900137260009200206300003300298500012600331500002100457650007500478650009200553650008800645650010500733700003200838711010700870942001400977952010600991999001701097000036685DO-4SdBNP20241011134415.0120125s1980 ja a 000 0 eng d a0839141254 aDO-SdBNPbspacBNPHU 4axxxbR129e22200aRadiation effects on aquatic organisms /cedited by Nobuo Egami. aTokyo :bJapan Scientific Societies Press ;aBaltimore :bUniversity Park Press,c1980. axiv, 292 p. :bil. ;c24 cm. aTrabajos presentados en International Symposium on Radiation Effects on Aquatic Organisms, May 11-12, 1979, Zushi, Japan. aIncluye índice 4aPecesxEfectos de la radiación962966vCongresos, conferencias, etc. 4aOrganismos acuáticosxEfectos de la radiación962967yCongresos, conferencias, etc. 4aPecesxEfectos de la contaminación del aguaxCongresos, conferencias, etc.962968 4aOrganismos acuáticosxEfectos de la contaminación del aguaxCongresos, conferencias, etc.9629691 aEgami, Nobuo,d1925-9629702 aa International Symposium on Radiation Effects on Aquatic Organismsd(1979 :cZushi-shi, Japan)962971 2ddccLBS1 0010507-18MOaGRbGRcOId2012-01-25iLF1l0o p36685-10r2020-06-25w2020-06-25y1ZNo se presta c36176d36176